000 00196nam a2200097Ia 4500
008 240331s9999 xx 000 0 und d
082 _bBAS
100 _aBaskaran, K
245 0 _aSaradha
942 _cL
999 _c4223
_d4223